[Event "San Sebastian op"]
[Site "San Sebastian"]
[Date "1996.??.??"]
[Round "?"]
[White "Argandosa, I."]
[Black "Gulko, Andrei"]
[Result "0-1"]
[WhiteElo "2045"]
[BlackElo "2385"]
[PlyCount "102"]
[EventDate "1996.??.??"]
[EventType "swiss"]
[EventRounds "9"]
[EventCountry "ESP"]
[SourceTitle "EXT 2001"]
[Source "ChessBase"]
[SourceDate "2000.11.22"]
[SourceVersion "1"]
[SourceVersionDate "2000.11.22"]
[SourceQuality "1"]

1. d4 d6 2. c4 e5 3. d5 f5 4. Nc3 Be7 5. g3 Nf6 6. Bg2 0-0 7. Nf3 a5 8. 0-0 Na6 9. Nd2 Qe8 10. a3 Bd7 11. b3 Rb8 12. Rb1 e4 13. Re1 e3 14. fxe3 Ng4 15. Nf1 Bf6 16. Qd2 Qh5 17. b4 axb4 18. axb4 Rbe8 19. Nd1 Bg5 20. Qc2 Re4 21. h3 Ne5 22. Nd2 Rxe3 23. Nf1 Re4 24. Bxg5 Qxg5 25. h4 Qg6 26. Bxe4 fxe4 27. Nde3 Bh3 28. h5 Qxh5 29. Qxe4 Qf7 30. Kh2 Bc8 31. Qg2 Qf6 32. Kg1 Qg5 33. Rec1 b6 34. Re1 Nb8 35. Rbc1 Nbd7 36. c5 bxc5 37. bxc5 Nxc5 38. Nc4 Ng4 39. Nce3 Nf2 40. g4 Rf4 41. Ng3 Nxg4 42. Nd1 Nf6 43. Nf2 Nxd5 44. e4 Nf6 45. Rb1 Be6 46. Rb5 Nfd7 47. Ra5 Ne5 48. Ra3 h5 49. Ne2 Qxg2+ 50. Kxg2 Rxf2+ 51. Kxf2 Ncd3+ 0-1